MARC

Tag First Indicator Second Indicator Subfields
LEADER 00000cam a2200000 a 4500
001 in00005769708
005 20260327172331.7
006 m o d
007 cr un|---aucuu
008 220518s2022 enk o 001 0 eng d
040 |a YDX  |b eng  |c YDX  |d OPELS  |d N$T  |d OCLCF  |d OCLCQ  |d OCLCO  |d OCLCQ  |d UKKRT  |d OCLCQ 
020 |a 9780323906685  |q (electronic bk.) 
020 |a 0323906680  |q (electronic bk.) 
020 |z 9780323905503 
020 |z 0323905501 
035 |a (OCoLC)1317839199 
050 4 |a S494.5.D3 
082 0 4 |a 630.2085631  |2 23 
049 |a TXAM 
245 0 0 |a Application of machine learning in agriculture /  |c edited by Mohammad Ayoub Khan, Rijwan Khan and Mohammad Aslam Ansari. 
260 |a London :  |b Academic Press,  |c 2022. 
300 |a 1 online resource 
336 |a text  |b txt  |2 rdacontent 
337 |a computer  |b c  |2 rdamedia 
338 |a online resource  |b cr  |2 rdacarrier 
500 |a Includes index. 
588 0 |a Print version record. 
650 0 |a Artificial intelligence  |x Agricultural applications. 
650 0 |a Machine learning. 
650 6 |a Intelligence artificielle  |x Applications agricoles. 
650 6 |a Apprentissage automatique. 
650 7 |a Artificial intelligence  |x Agricultural applications  |2 fast 
650 7 |a Machine learning  |2 fast 
655 7 |a Electronic books.  |2 local 
700 1 |a Khan, Mohammad Ayoub. 
700 1 |a Khan, Rijwan. 
700 1 |a Ansari, Mohammad Aslam. 
710 2 |a ScienceDirect (Online service) 
776 0 8 |i Print version:  |z 9780323906685 
776 0 8 |i Print version:  |z 0323905501  |z 9780323905503  |w (OCoLC)1289483036 
776 0 8 |i Print version:  |t APPLICATION OF MACHINE LEARNING IN AGRICULTURE.  |d [S.l.] : ELSEVIER ACADEMIC PRESS, 2022  |z 0323905501  |w (OCoLC)1289483036 
856 4 0 |u http://proxy.library.tamu.edu/login?url=https://www.sciencedirect.com/science/book/9780323905503  |z Connect to the full text of this electronic book  |t 0 
955 |a Elsevier ScienceDirect 2026-2027 
994 |a 92  |b TXA 
999 f f |i e7c3301e-3dba-4b2b-9441-cc13fd7e882b  |s b6f26c68-b505-449d-ab05-a0c8874abdd4  |t 0 
952 f f |a Texas A&M University  |b College Station  |c Electronic Resources  |s www_evans  |d Available Online  |t 0  |e S494.5.D3   |h Library of Congress classification 
998 f f |a S494.5.D3   |t 0  |l Available Online